| 000 | 01040nam a2200253Ia 4500 | ||
|---|---|---|---|
| 003 | OSt | ||
| 005 | 20220923222635.0 | ||
| 006 | a|||||r|||| 00| 0 | ||
| 007 | ta | ||
| 008 | 220922b |||||||| |||| 00| 0 hin d | ||
| 024 | _a206,699 | ||
| 037 | _cTextual | ||
| 040 |
_aARTS _cARTS _bhin |
||
| 041 |
_2hin _ahin |
||
| 082 | _aO152,6M89x, L9 | ||
| 100 |
_aप्रसाद, जयशंकर; प्रसाद, रत्नशंकर, संपा. _9167153 |
||
| 245 | 0 |
_aअभिषेक _b साहित्यिक एंव ऐतिहासिक निबंध |
|
| 246 | _aAbhiṣheka: sāhityik eanva aitihāsik nibandha | ||
| 260 |
_aवाराणसी _b हिन्दी प्रचारक संस्थान _c1979 |
||
| 300 |
_a238पृ. _ccm. |
||
| 650 |
_aहिन्दी साहित्य _9156264 |
||
| 942 |
_hO152,6M89x, L9 _cTEXL _2CC |
||
| 999 |
_c357341 _d357341 |
||